| 000 | 01511nam a2200385Ia 4500 | ||
|---|---|---|---|
| 001 | dia_1774 | ||
| 003 | CHAP | ||
| 005 | 20251023152716.0 | ||
| 008 | 220117s2012 xx 000 0 und d | ||
| 010 | _a177858 | ||
| 020 | _a978-607-425-897-4 | ||
| 040 | _cCHAP | ||
| 082 | _a583.913 A43 2012 | ||
| 245 |
_aAmaranto : ciencia y tecnología / _c edición Eduardo Espitia Rangel |
||
| 260 |
_aMéxico : _b Instituto Nacional de Investigaciones Forestales, Agrícolas y Pecuarias, Mejoramiento Genético de Cereales (Amaranto, Avena y Trigo) :, _b Sistema Nacional de Recursos Fitogenéticos para la Alimentación y la Agricultura, _c2012 |
||
| 300 | _a354 p. | ||
| 440 |
_aLibro científico ; 2 _9162418 |
||
| 503 | _aD. | ||
| 504 | _aIncluye bibliografías | ||
| 590 | _aSB191.A42 A43 2012 | ||
| 650 |
_aAmaranth grain _xCrops _xMexico _9162419 |
||
| 650 |
_aAmaranth grain _xDisease and pest management _9162420 |
||
| 650 |
_aAmaranth grain _xNutritive value _9162421 |
||
| 650 |
_aAmaranthus _95103 |
||
| 650 |
_aAmaranto _xManejo de enfermedades y plagas _9162422 |
||
| 650 |
_aGenética vegetal _xMéxico _9162423 |
||
| 650 |
_aGrano de amaranto _xCultivo _xMéxico _9162424 |
||
| 650 |
_aGrano de amaranto _xValor nutritivo _9162425 |
||
| 650 |
_aPlant genetics _xMexico _9162426 |
||
| 700 |
_aEspitia Rangel, Eduardo ed. _9162427 |
||
| 901 | _a583.913 A43 2012 | ||
| 902 | _aM | ||
| 905 | _a5232272012 mx admn8225223322spa16 | ||
| 942 |
_cLIBRO _2ddc |
||
| 999 |
_c177858 _d177858 |
||